000 00575nam a2200229Ia 4500
003 OSt
005 20221005121010.0
006 a|||||r|||| 00| 0
007 ta
008 221004b |||||||| |||| 00| 0 eng d
024 _a59326
037 _cTextual
040 _aCRL
_cCRL
_beng
041 _2eng
_aeng
082 _aV2:25xM69;9, J6
100 _aSharma Bishan Sarup
245 0 _aGandhi as a political thinker
260 _c1956
650 _aHISTORY
942 _hV2:25xM69;9, J6
_cTEXL
_2cc
999 _c1039799
_d1039799